[Event "Women's Speed Chess Q6"]
[Site "chess.com INT"]
[Date "2021.06.05"]
[Round "7"]
[White "Varshini, V"]
[Black "Mohota, Nisha"]
[Result "1/2-1/2"]
[WhiteTitle "WGM"]
[BlackTitle "IM"]
[WhiteElo "2226"]
[BlackElo "2195"]
[WhiteFideId "5091241"]
[BlackFideId "5004330"]
[EventDate "2021.06.05"]

1. e4 Nf6 2. Nc3 d5 3. exd5 Nxd5 4. Nxd5 Qxd5 5. Nf3 e5 6. d3 Nc6 7. Be2 Bg4 8.
O-O O-O-O 9. h3 Bh5 10. Be3 f5 11. a3 Kb8 12. b4 Bg6 13. c4 Qe6 14. b5 Nd4 15.
Nxd4 exd4 16. Bf4 Bd6 17. Bxd6 Qxd6 18. Bf3 Bf7 19. Qc1 Qc5 20. a4 Rhg8 21. a5
g5 22. a6 b6 23. Qd1 h5 24. Bxh5 Bxh5 25. Qxh5 g4 26. hxg4 Rxg4 27. Qh3 Rdg8 28.
Qf3 Rxg2+ 29. Kh1 Kc8 30. Qxg2 Rxg2 31. Kxg2 f4 32. Rae1 Qf5 33. Kf3 Qxd3+ 34.
Kxf4 Qxc4 35. Rg1 d3+ 36. Re4 Qf7+ 37. Ke3 Kd7 38. Rd1 c6 39. Rxd3+ Kc7 40. Red4
cxb5 41. Rd7+ Qxd7 42. Rxd7+ Kxd7 43. Kd4 Ke6 44. Kc3 Ke5 45. Kb4 Kf4 46. Kxb5
Kf3 47. Kc6 Kxf2 48. Kb7 b5 49. Kxa7 b4 50. Kb6 b3 51. a7 b2 52. a8=Q b1=Q+ 53.
Kc7 Kf1 54. Qf3+ Kg1 55. Qg3+ Kh1 56. Qh3+ Kg1 57. Qg3+ Kh1 58. Qf3+ Kg1 59.
Qg4+ Kh1 60. Qh4+ Kg1 61. Qg5+ Kh1 62. Qh6+ Kg1 63. Qg7+ Kh1 64. Qh8+ Kg1 65.
Qg8+ Kh1 66. Qh8+ Kg1 67. Qg7+ Kh1 68. Qh6+ Kg1 69. Qg5+ Kh1 70. Qh4+ Kg1 71.
Qg3+ 1/2-1/2

[Event "Women's Speed Chess Q6"]
[Site "chess.com INT"]
[Date "2021.06.05"]
[Round "7"]
[White "Linares Napoles, Oleiny"]
[Black "Nandhidhaa, P V"]
[Result "0-1"]
[WhiteTitle "WGM"]
[BlackTitle "WGM"]
[WhiteElo "2255"]
[BlackElo "2365"]
[WhiteFideId "3504794"]
[BlackFideId "5050847"]
[EventDate "2021.06.05"]

1. d4 c5 2. e3 cxd4 3. exd4 d5 4. Bf4 Nc6 5. c3 Nf6 6. Bd3 e6 7. Nf3 Bd6 8. Bxd6
Qxd6 9. Qe2 O-O 10. Nbd2 Rb8 11. O-O a6 12. Ne5 b5 13. a3 Na5 14. Rae1 Nc4 15.
Ndf3 a5 16. Ng5 h6 17. Ngf3 Ba6 18. Rd1 Nd7 19. Rfe1 Ndxe5 20. dxe5 Qc5 21. Nd4
Bb7 22. Qg4 b4 23. axb4 axb4 24. Re2 Bc8 25. h4 bxc3 26. bxc3 Nb2 27. Rb1 Qxc3
28. Bb5 Nc4 29. Rc2 Qa5 30. Nc6 Rxb5 31. Nxa5 Rxb1+ 32. Kh2 Nxa5 33. Rc7 Rb7 34.
Rc5 Nc4 35. f4 Rb2 36. Qf3 Bb7 37. Rc7 Rc8 38. Rd7 Bc6 39. Re7 Kf8 40. Ra7 Ra8
41. Rc7 Raa2 42. Rxc6 Rxg2+ 43. Qxg2 Rxg2+ 44. Kxg2 Ne3+ 45. Kf3 Nf5 46. Rc8+
Ke7 47. Rc7+ Ke8 48. h5 Kf8 49. Ra7 Kg8 50. Ra8+ Kh7 51. Rf8 f6 52. exf6 gxf6
53. Rxf6 Kg7 54. Rg6+ Kf7 55. Kg4 d4 56. Kf3 Nh4+ 57. Ke4 Nxg6 58. hxg6+ Kxg6
59. Kxd4 Kf5 60. Ke3 h5 61. Kf3 h4 62. Ke3 h3 63. Kf3 h2 64. Kg2 Kxf4 65. Kxh2
Kf3 66. Kg1 Ke2 67. Kg2 e5 68. Kg3 e4 69. Kf4 e3 70. Ke4 Kf2 71. Kd4 e2 72. Ke4
e1=Q+ 73. Kd5 Qe3 74. Kd6 Qg5 75. Ke6 Qf4 76. Kd5 Ke3 77. Ke6 Ke4 78. Ke7 Qh6
79. Kd7 Qf6 80. Kc7 Qe6 81. Kb7 Qd6 82. Ka7 Kd5 83. Kb7 Qc6+ 84. Kb8 Qd7 85. Ka8
Kc6 0-1

[Event "Women's Speed Chess Q6"]
[Site "chess.com INT"]
[Date "2021.06.05"]
[Round "7"]
[White "Buksa, Nataliya"]
[Black "Antolak, Julia"]
[Result "1/2-1/2"]
[WhiteTitle "IM"]
[BlackTitle "WIM"]
[WhiteElo "2413"]
[BlackElo "2309"]
[WhiteFideId "14123622"]
[BlackFideId "1159569"]
[EventDate "2021.06.05"]

1. e4 c5 2. b3 g6 3. Bb2 Nf6 4. h4 h5 5. e5 Nd5 6. e6 Nf6 7. exf7+ Kxf7 8. Nf3
Bg7 9. Ne5+ Kg8 10. Nxg6 Rh6 11. Nf4 d6 12. Nc3 e5 13. Nfd5 Be6 14. Bc4 Nc6 15.
Nxf6+ Qxf6 16. Ne4 Qf4 17. Bxe6+ Rxe6 18. d3 Rf8 19. Qxh5 d5 20. Bc1 Qf5 21.
Qxf5 Rxf5 22. Nxc5 Re7 23. Bg5 Ref7 24. O-O b6 25. Ne6 Bh8 26. Nd8 Nxd8 27. Bxd8
e4 28. Rad1 Bd4 29. dxe4 Bxf2+ 30. Kh1 dxe4 31. Bg5 e3 32. Rd8+ Rf8 33. Rxf8+
Rxf8 34. Bxe3 Bxe3 35. Re1 Bf2 36. Re4 Kh7 37. Kh2 Kg6 38. Kh3 Rc8 39. c4 Rd8
40. Kg4 Rd3 41. Re7 Rg3+ 42. Kf4 Rxg2 43. Rxa7 Bc5 44. a3 Rf2+ 45. Ke4 Rb2 46.
b4 Bf2 47. Kd5 Rb3 48. Ra6 Kh5 49. Kc6 Kxh4 50. Kb5 Rc3 51. a4 Kg4 52. a5 bxa5
53. Rxa5 Kf5 54. c5 Kf4 55. Ra6 Ke5 56. Rh6 Kd5 57. Rd6+ Ke5 58. Rd8 Be3 59.
Re8+ Kf6 60. c6 Kf7 61. Re4 Kf6 62. Ka6 Kf5 63. Re8 Rxc6+ 64. Kb5 Rc3 65. Ka5
Kf4 66. Kb5 Rb3 67. Kc4 Ra3 68. Re7 Kf3 69. Re8 Ke2 70. Re7 Kd2 71. Re8 Rc3+ 72.
Kb5 Kc2 73. Rd8 Kb3 74. Rd5 Bc1 75. Rc5 Rxc5+ 76. bxc5 Bf4 77. c6 Be5 78. Kc5
Bf4 79. Kd5 Bg3 80. Ke6 Bh2 81. Kd7 Bg3 82. c7 Bxc7 1/2-1/2

[Event "Women's Speed Chess Q6"]
[Site "chess.com INT"]
[Date "2021.06.05"]
[Round "7"]
[White "Kashlinskaya, Alina"]
[Black "Perez Rodriguez, Jennifer"]
[Result "1/2-1/2"]
[WhiteTitle "IM"]
[BlackTitle "WIM"]
[WhiteElo "2494"]
[BlackElo "2251"]
[WhiteFideId "4198026"]
[BlackFideId "3507831"]
[EventDate "2021.06.05"]

1. d4 Nf6 2. c4 e6 3. Nc3 d5 4. Nf3 Bb4 5. Qa4+ Nc6 6. a3 Bxc3+ 7. bxc3 Bd7 8.
Qc2 dxc4 9. e4 b5 10. Bg5 Qc8 11. a4 a6 12. Be2 O-O 13. O-O Re8 14. Nd2 e5 15.
d5 Ne7 16. f4 Ng4 17. Bxg4 Bxg4 18. fxe5 Ng6 19. e6 fxe6 20. h3 Be2 21. Rf2 Bd3
22. Qd1 exd5 23. exd5 Qd7 24. axb5 axb5 25. Rxa8 Rxa8 26. Qf3 Rf8 27. Qe3 Rxf2
28. Qxf2 Qxd5 29. Qe3 Qe5 30. Qxe5 Nxe5 31. Bf4 Nc6 32. Bxc7 Kf7 33. Kf2 Ke6 34.
Ke3 Kd5 35. Nf3 Be4 36. Ne1 Ne5 37. g3 Nd7 38. h4 h5 39. Bf4 Nc5 40. Bc7 Na4 41.
Ba5 Nc5 42. Bb4 Ne6 43. Ba5 g6 44. Bb4 Ng7 45. Ba5 Nf5+ 46. Kf4 Bd3 47. Nf3 Nd6
48. Ne5 Ne4 49. Nxg6 Nxg3 50. Ne7+ Ke6 51. Nc6 Ne2+ 52. Kg5 Ng3 53. Nd4+ Kd5 54.
Nxb5 Ke4 55. Nd6+ Kf3 56. Nf7 Be2 57. Ne5+ Ke3 58. Bc7 Ne4+ 59. Kh6 Nxc3 60.
Nxc4+ Bxc4 61. Kxh5 Ke4 62. Kg5 Nd5 63. Bd8 Ke5 64. h5 Bd3 65. h6 Ke6 66. Ba5
Kf7 67. Bd8 Kg8 68. Ba5 Kh7 69. Bd8 Ne3 70. Kf4 Nf5 71. Kg5 Nxh6 72. Kf6 Ng8+
73. Kf7 Bc4+ 74. Kf8 Kg6 75. Bc7 Nf6 76. Bd8 Ne4 77. Bc7 Bd5 78. Be5 Kf5 79. Bg7
Nd6 80. Ke7 Ne4 81. Kd7 Kg6 82. Be5 Kf5 83. Bg7 Bc4 84. Bh8 Nc5+ 85. Kc6 Ne6 86.
Kd6 Bd3 87. Kd5 Be4+ 88. Kc4 Ng5 89. Kc5 Nf7 90. Ba1 Ke6 91. Kd4 Bf5 92. Kc5 Ne5
93. Kd4 1/2-1/2

[Event "Women's Speed Chess Q6"]
[Site "chess.com INT"]
[Date "2021.06.05"]
[Round "7"]
[White "Cori T., Deysi"]
[Black "Purtseladze, Maka"]
[Result "1/2-1/2"]
[WhiteTitle "WGM"]
[BlackTitle "IM"]
[WhiteElo "2388"]
[BlackElo "2274"]
[WhiteFideId "3801934"]
[BlackFideId "13602659"]
[EventDate "2021.06.05"]

1. d4 Nf6 2. Nf3 g6 3. g3 Bg7 4. Bg2 O-O 5. O-O d5 6. Ne5 c6 7. c4 Nfd7 8. cxd5
Nxe5 9. dxe5 cxd5 10. Bxd5 Bxe5 11. Qb3 Nc6 12. Nc3 Na5 13. Qd1 Bh3 14. Re1 Rc8
15. Bh6 Re8 16. Rc1 e6 17. Bf3 Qxd1 18. Rexd1 Nc4 19. Bxb7 Rb8 20. Bf3 Nxb2 21.
Rd7 Rec8 22. Ne4 Rxc1+ 23. Bxc1 Nc4 24. e3 Rb1 25. Rd1 Ra1 26. Ng5 Bf5 27. e4 h6
28. exf5 hxg5 29. fxe6 fxe6 30. Bxg5 Rxd1+ 31. Bxd1 a5 32. Bb3 Nd6 33. Bxe6+ Kg7
34. a4 Bc3 35. Bf4 Ne4 36. Bd5 Nc5 37. Bc6 Kf6 38. Be3 Nb3 39. f4 Nd4 40. Bd7
Ne2+ 41. Kf2 Nd4 42. g4 Nc2 43. Kf3 Nxe3 44. Kxe3 Be1 45. Ke4 Ke7 46. Bb5 Kf6
47. Bd3 g5 48. Kf3 gxf4 49. Kxf4 Bd2+ 50. Kf3 Kg5 51. Be2 Be1 52. Kg2 Kh4 53.
Kf3 Bd2 54. Ke4 Kg5 55. Ke5 Be1 56. Ke4 Bf2 57. Bf3 Be1 58. Be2 Bh4 59. Bd1 Be1
60. Kf3 Bh4 61. Kg2 Be1 62. Kf1 Bh4 63. Bf3 Kf4 64. Ke2 Kg5 65. Ke3 Be1 66. Ke2
Bh4 67. h3 Kf4 68. Bc6 Kg5 69. Kf3 Be1 70. Ke4 Bh4 71. Bd7 Be1 72. Kd4 Bh4 73.
Kc4 Be1 74. Kd3 Kf4 75. Ke2 Bh4 76. Kf1 Kg5 77. Kg1 Kf4 78. Kg2 Kg5 79. Kf3 Be1
80. Ke2 Bh4 81. Be6 Kf4 82. Bf5 Bg3 83. Bc8 Bh4 84. Bd7 Bg3 85. Kf1 Bh4 86. Kg2
Kg5 87. Kf3 Be1 88. Be6 Bh4 89. Bb3 Be1 90. Bd1 Bh4 91. Ke2 Kf4 92. Bb3 Bg3 93.
Kf1 Bh4 94. Be6 Kg5 95. Kg2 Kf4 96. Bd7 1/2-1/2

[Event "Women's Speed Chess Q6"]
[Site "chess.com INT"]
[Date "2021.06.05"]
[Round "7"]
[White "Zhuravleva, Olga"]
[Black "Tarasova, Viktoriya"]
[Result "1/2-1/2"]
[WhiteTitle "WIM"]
[BlackTitle "WIM"]
[WhiteElo "2278"]
[BlackElo "2226"]
[WhiteFideId "4145933"]
[BlackFideId "4175840"]
[EventDate "2021.06.05"]

1. e4 c5 2. Nf3 d6 3. d4 cxd4 4. Nxd4 Nf6 5. Nc3 a6 6. Bd3 e5 7. Nb3 Be7 8. O-O
Be6 9. Kh1 b5 10. a3 O-O 11. f4 exf4 12. Bxf4 Nc6 13. Qf3 Ne5 14. Qe2 h6 15. Nd4
Rc8 16. Rad1 Bg4 17. Nf3 Qc7 18. Qf2 Be6 19. h3 Bc4 20. Bxe5 dxe5 21. Nh4 Be6
22. Nf5 Bxf5 23. Qxf5 g6 24. Qf3 Kg7 25. Qg3 Rcd8 26. Rf3 b4 27. axb4 Bxb4 28.
Rdf1 Nh5 29. Qh4 Bxc3 30. bxc3 a5 31. Qe1 Nf4 32. Kh2 Qd7 33. Qa1 a4 34. c4 f6
35. c5 Rc8 36. Qa3 Qc6 37. g3 Nxd3 38. cxd3 Qxc5 39. Qxa4 Rc7 40. Qa6 Qc6 41.
Qxc6 Rxc6 42. Kg2 Rd6 43. R1f2 Rfd8 44. Rd2 Rd4 45. Re3 Kf7 46. Kf2 R8d6 47. Ke2
Ke6 48. Rf3 f5 49. exf5+ gxf5 50. Re3 e4 51. Rd1 Ke5 52. Ra1 Rxd3 53. Ra5+ R3d5
54. Ra8 Rd2+ 55. Kf1 Rd1+ 56. Re1 Rxe1+ 57. Kxe1 Rd3 58. Kf2 Rf3+ 59. Kg2 Rb3
60. Re8+ Kf6 61. Rh8 Kg6 62. Re8 Rb2+ 63. Kf1 Rb3 64. Kf2 Rb7 65. Re6+ Kg7 66.
Re5 Kf6 67. Re8 Re7 68. Rf8+ Kg6 69. Ke3 Kg7 70. Rc8 Rb7 71. Rc5 Rb3+ 72. Kf2
Kg6 73. Rc6+ Kg5 74. Rc8 Rb2+ 75. Ke3 Rb3+ 76. Kf2 Rf3+ 77. Kg2 Ra3 78. Rg8+ Kf6
79. Rh8 Kg7 80. Re8 Ra5 81. Re7+ Kg6 82. Re6+ Kg7 83. Re7+ Kf6 84. Re8 Re5 85.
Rf8+ Kg7 86. Ra8 e3 87. Kf1 e2+ 88. Ke1 Re3 89. Ra5 Rxg3 90. Rxf5 Rxh3 91. Kxe2
Rg3 92. Rh5 Rg6 93. Rh2 Rg5 94. Kf2 Kg6 95. Rg2 h5 96. Rxg5+ Kxg5 97. Kg2 Kg4
98. Kh2 h4 99. Kh1 h3 100. Kh2 Kh4 101. Kh1 Kg3 102. Kg1 h2+ 103. Kh1 Kh3 1/2-1/2

[Event "Women's Speed Chess Q6"]
[Site "chess.com INT"]
[Date "2021.06.05"]
[Round "8"]
[White "Frayna, Janelle Mae"]
[Black "Nguyen, Hong Anh"]
[Result "0-1"]
[WhiteTitle "WGM"]
[BlackTitle "WIM"]
[WhiteElo "2179"]
[BlackElo "1993"]
[WhiteFideId "5212499"]
[BlackFideId "12406732"]
[EventDate "2021.06.05"]

1. e4 c5 2. Nf3 Nc6 3. Bb5 g6 4. Bxc6 bxc6 5. O-O Bg7 6. d3 Nf6 7. Nc3 O-O 8. e5
Nd5 9. Ne4 d6 10. h3 Rb8 11. Rb1 Bf5 12. Bf4 Nxf4 0-1

[Event "Women's Speed Chess Q6"]
[Site "chess.com INT"]
[Date "2021.06.05"]
[Round "8"]
[White "Nemcova, Katerina"]
[Black "Varshini, V"]
[Result "1-0"]
[WhiteTitle "WGM"]
[BlackTitle "WGM"]
[WhiteElo "2331"]
[BlackElo "2226"]
[WhiteFideId "322750"]
[BlackFideId "5091241"]
[EventDate "2021.06.05"]

1. e4 c5 2. Nf3 d6 3. d4 cxd4 4. Qxd4 Nc6 5. Bb5 Bd7 6. Bxc6 Bxc6 7. Nc3 e6 8.
Qd3 Nf6 9. Bg5 Be7 10. O-O-O O-O 11. Nd4 Bd7 12. h4 a6 13. f4 b5 14. Kb1 Qa5 15.
e5 dxe5 16. fxe5 b4 17. exf6 gxf6 18. Nb3 1-0

[Event "Women's Speed Chess Q6"]
[Site "chess.com INT"]
[Date "2021.06.05"]
[Round "8"]
[White "Kotepalli, Sai Nirupama"]
[Black "Sukandar, Irine Kharisma"]
[Result "1-0"]
[WhiteTitle "WFM"]
[BlackTitle "IM"]
[WhiteElo "1914"]
[BlackElo "2413"]
[WhiteFideId "5039444"]
[BlackFideId "7101937"]
[EventDate "2021.06.05"]

1. e4 e5 2. d3 d5 3. Nd2 Nf6 4. Ngf3 Nc6 5. g3 Bc5 6. Bg2 Be6 7. O-O h6 8. Qe2
O-O 9. c3 dxe4 10. Nxe4 Nxe4 11. dxe4 a5 12. Rd1 Qe7 13. Be3 a4 14. a3 Bb3 15.
Rd2 Na5 16. Nh4 Nc4 17. Nf5 Qf6 18. Bxc5 Nxd2 19. Bxf8 1-0

[Event "Women's Speed Chess Q6"]
[Site "chess.com INT"]
[Date "2021.06.05"]
[Round "8"]
[White "Maklakova, Nellija"]
[Black "Kairbekova, Amina"]
[Result "0-1"]
[BlackTitle "WFM"]
[WhiteElo "1828"]
[BlackElo "2132"]
[WhiteFideId "11603470"]
[BlackFideId "13712799"]
[EventDate "2021.06.05"]

1. e4 c5 2. Nf3 Nc6 3. Nc3 g6 4. Be2 Bg7 5. O-O Nf6 6. d3 d6 7. Bg5 O-O 8. Qd2
Re8 9. Bh6 Bh8 10. h3 Nd7 11. Rae1 Nd4 12. h4 Ne5 13. Nxd4 cxd4 14. Nd5 e6 15.
f4 exd5 16. fxe5 Bxe5 17. exd5 Qxh4 18. Bg5 Qh2+ 19. Kf2 Qg3+ 20. Kg1 Bh3 21.
Bd1 Qh2+ 22. Kf2 Qxg2# 0-1

[Event "Women's Speed Chess Q6"]
[Site "chess.com INT"]
[Date "2021.06.05"]
[Round "8"]
[White "Kabanova, Ekaterina"]
[Black "Nanditha, V"]
[Result "0-1"]
[WhiteTitle "WFM"]
[BlackTitle "WCM"]
[WhiteElo "2138"]
[BlackElo "1666"]
[WhiteFideId "24112917"]
[BlackFideId "46626697"]
[EventDate "2021.06.05"]

1. c4 e6 2. e3 d5 3. a3 Nf6 4. Qc2 a6 5. b4 dxc4 6. Bxc4 b5 7. Be2 Bb7 8. Nf3
Nbd7 9. d4 Be4 10. Bd3 Bxf3 11. gxf3 h5 12. Nd2 h4 13. Nb3 h3 14. Rg1 Nd5 15. e4
N5b6 16. Be3 Na4 17. Rc1 Rc8 18. Qc6 Nb2 19. Be2 Bd6 20. f4 Nc4 21. Bxc4 bxc4
22. Rxc4 Kf8 23. Rc3 Nb6 24. Na5 Qh4 25. Nb7 Bxf4 26. Qc5+ Kg8 0-1

[Event "Women's Speed Chess Q6"]
[Site "chess.com INT"]
[Date "2021.06.05"]
[Round "8"]
[White "Szente Varga, Fruzsina"]
[Black "Morris-Suzuki, Sophie"]
[Result "1-0"]
[WhiteTitle "WFM"]
[BlackTitle "WFM"]
[WhiteElo "2100"]
[BlackElo "2043"]
[WhiteFideId "712264"]
[BlackFideId "30922615"]
[EventDate "2021.06.05"]

1. e4 c5 2. Nf3 e6 3. b3 a6 4. Bb2 d6 5. g3 b6 6. Bg2 Bb7 7. Qe2 Nd7 8. O-O Qc7
9. c4 Ngf6 10. Nc3 Be7 11. d4 cxd4 12. Nxd4 O-O 13. Rad1 Rfe8 14. f4 Bf8 15. f5
exf5 16. Nxf5 Nc5 17. Nd5 Bxd5 18. Bxf6 Nxe4 19. Bxg7 Bxg7 20. Qg4 f6 21. Rxd5
Ng5 22. Nxd6 Re7 23. Rxg5 fxg5 24. Bxa8 Qxd6 25. Qc8+ Bf8 26. Qxf8# 1-0

[Event "Women's Speed Chess Q6"]
[Site "chess.com INT"]
[Date "2021.06.05"]
[Round "8"]
[White "Gevorgyan, Maria"]
[Black "Ziegenfuss, Antonia"]
[Result "1-0"]
[WhiteTitle "WGM"]
[BlackTitle "WFM"]
[WhiteElo "2219"]
[BlackElo "2157"]
[WhiteFideId "13300270"]
[BlackFideId "12962554"]
[EventDate "2021.06.05"]

1. e4 c5 2. Nc3 e6 3. f4 d5 4. Nf3 dxe4 5. Nxe4 Be7 6. Bb5+ Bd7 7. Qe2 Nc6 8. f5
Nd4 9. Nxd4 cxd4 10. fxe6 fxe6 11. Qh5+ g6 12. Qe5 Nf6 13. Nxf6+ Bxf6 14. Qxe6+
Be7 15. Qe5 O-O 16. Bc4+ Rf7 17. Rf1 Bf6 18. Rxf6 Qxf6 19. Qxf6 Re8+ 20. Kf2 Be6
21. Bxe6 Rxe6 22. Qxf7+ Kxf7 23. d3 Rc6 24. c4 dxc3 25. bxc3 Rxc3 26. Ke2 Rc2+
27. Bd2 Ke6 28. a3 Kd5 29. Rb1 b6 30. Rb5+ Kc6 31. Re5 Ra2 32. Re7 Rxa3 33. Rxh7
a5 34. Rg7 Rb3 35. Rxg6+ Kb5 36. Be3 Ka6 37. h4 a4 38. h5 a3 39. h6 Rb2+ 40. Kf3
a2 41. Rg8 Kb5 42. Ra8 1-0

[Event "Women's Speed Chess Q6"]
[Site "chess.com INT"]
[Date "2021.06.05"]
[Round "8"]
[White "Priyanka, K"]
[Black "Singgih, Diajeng Theresa"]
[Result "1-0"]
[WhiteTitle "WIM"]
[BlackTitle "WFM"]
[WhiteElo "2218"]
[BlackElo "1972"]
[WhiteFideId "5082986"]
[BlackFideId "7104391"]
[EventDate "2021.06.05"]

1. e4 e5 2. Nf3 Nc6 3. Bb5 a6 4. Ba4 Bc5 5. d3 b5 6. Bb3 Nf6 7. Nc3 O-O 8. Nd5
h6 9. c3 d6 10. Nxf6+ Qxf6 11. Bd5 Bb7 12. g4 b4 13. g5 hxg5 14. Bxg5 Qg6 15.
Rg1 Qh5 16. Bf6 g6 17. Rg5 Qh3 18. Rg3 Qh5 19. Ng5 Qxh2 20. Qf3 bxc3 21. bxc3
Bd4 22. Rh3 Bxc3+ 23. Kf1 1-0

[Event "Women's Speed Chess Q6"]
[Site "chess.com INT"]
[Date "2021.06.05"]
[Round "8"]
[White "Von Herman, Brigitte"]
[Black "Smietanska, Wiktoria"]
[Result "1-0"]
[WhiteTitle "WFM"]
[BlackTitle "CM"]
[WhiteElo "1991"]
[BlackElo "1802"]
[WhiteFideId "4628730"]
[BlackFideId "21869359"]
[EventDate "2021.06.05"]

1. e4 c5 2. c3 Nf6 3. e5 Nd5 4. d4 cxd4 5. Nf3 Nc6 6. Bc4 Nb6 7. Bb3 d6 8. exd6
e6 9. O-O Bxd6 10. cxd4 O-O 11. Nc3 a5 12. Re1 Ne7 13. Bg5 h6 14. Bh4 Bd7 15.
Qd3 Bc6 16. Bc2 g6 17. Rad1 Kg7 18. a3 Qc7 19. Ne4 Bxe4 20. Qxe4 Nf5 21. Bg3
Bxg3 22. hxg3 Nc4 23. g4 Nfd6 24. Qe2 Nxb2 25. Rc1 Qb6 26. Rb1 Ndc4 27. Bd3 Qc6
28. Rec1 Nxd3 29. Qxd3 b5 30. a4 Qd5 31. Rxb5 Nb2 32. Qb1 Qd6 33. Qxb2 1-0

[Event "Women's Speed Chess Q6"]
[Site "chess.com INT"]
[Date "2021.06.05"]
[Round "8"]
[White "Perez Rodriguez, Jennifer"]
[Black "Vantika, Agrawal"]
[Result "1-0"]
[WhiteTitle "WIM"]
[BlackTitle "WIM"]
[WhiteElo "2251"]
[BlackElo "2286"]
[WhiteFideId "3507831"]
[BlackFideId "25050389"]
[EventDate "2021.06.05"]

1. e4 c5 2. c3 d6 3. d4 Nf6 4. Bd3 cxd4 5. cxd4 g6 6. Nf3 Bg7 7. Nc3 O-O 8. h3
Nc6 9. O-O e5 10. d5 Nd4 11. Be3 Nxf3+ 12. Qxf3 Ne8 13. Qe2 f5 14. f3 f4 15. Bf2
Bf6 16. Rfc1 Bh4 17. Rc2 Bxf2+ 18. Qxf2 Rf7 19. Rac1 g5 20. Bb5 Nf6 21. Be2 Bd7
22. Nb5 Bxb5 23. Bxb5 Qa5 24. Bc4 Kg7 25. Bb3 Nd7 26. Rc7 Nc5 27. Rxf7+ Kxf7 28.
Qe2 Qb6 29. Kh2 a5 30. Bc4 a4 31. a3 h5 32. Qf2 Rh8 33. Bf1 Kg6 34. Rc2 g4 35.
fxg4 hxg4 36. Qe2 g3+ 37. Kh1 Nb3 38. Qg4+ Kf6 39. Qf5+ Ke7 40. Qg5+ Kd7 41.
Qg7+ Ke8 42. Qxh8+ Ke7 43. Qg7+ Kd8 44. Qf8+ Kd7 45. Qc8+ Ke7 46. Rc7+ Kf6 47.
Qf8+ Kg5 48. Rg7+ Kh4 49. Qh8# 1-0

[Event "Women's Speed Chess Q6"]
[Site "chess.com INT"]
[Date "2021.06.05"]
[Round "8"]
[White "Dordzhieva, Dinara"]
[Black "Ambartsumova, Karina"]
[Result "1-0"]
[WhiteTitle "WGM"]
[BlackTitle "IM"]
[WhiteElo "2311"]
[BlackElo "2382"]
[WhiteFideId "24157570"]
[BlackFideId "4166299"]
[EventDate "2021.06.05"]

1. d4 Nf6 2. c4 e6 3. Nf3 d5 4. g3 dxc4 5. Bg2 Nc6 6. Qa4 Bb4+ 7. Bd2 Bd6 8.
Qxc4 O-O 9. O-O e5 10. d5 Ne7 11. e4 a6 12. Qe2 b5 13. Bg5 Ng6 14. Nc3 b4 15.
Na4 Bd7 16. b3 Bb5 17. Qc2 Bxf1 18. Bxf1 h6 19. Be3 Nd7 20. Rc1 Ne7 21. Nd2 f5
22. exf5 Nxf5 23. Nc4 Nxe3 24. Nxe3 Qf6 25. Bh3 Rad8 26. Be6+ Kh8 27. Ng4 Qf3
28. Re1 Rfe8 29. Re3 Qf8 30. Qg6 Nc5 31. Bf5 Kg8 32. Rf3 e4 33. Nxh6+ Kh8 34.
Qh7# 1-0

[Event "Women's Speed Chess Q6"]
[Site "chess.com INT"]
[Date "2021.06.05"]
[Round "8"]
[White "Kanyamarala, Trisha"]
[Black "Komiagina, Maria"]
[Result "1-0"]
[WhiteTitle "WIM"]
[BlackTitle "WIM"]
[WhiteElo "2180"]
[BlackElo "2241"]
[WhiteFideId "45004722"]
[BlackFideId "4153987"]
[EventDate "2021.06.05"]

1. d4 Nf6 2. c4 e6 3. Nc3 Bb4 4. e3 O-O 5. Nf3 b6 6. Bd3 Bb7 7. Bd2 c5 8. O-O d6
9. a3 Bxc3 10. Bxc3 Nbd7 11. Rc1 Rc8 12. Re1 Ne4 13. Nd2 Nxc3 14. Rxc3 e5 15. d5
f5 16. Nf1 Qf6 17. Ng3 e4 18. Be2 Ne5 19. Nh5 Qf7 20. Nf4 Rfe8 21. b4 Rb8 22.
Qa4 Bc8 23. Rb1 Ng6 24. Bh5 Qf6 25. Qxe8+ Nf8 26. Ne6 Bxe6 27. Qxb8 Qxc3 28.
dxe6 Qe5 29. Bf7+ 1-0

[Event "Women's Speed Chess Q6"]
[Site "chess.com INT"]
[Date "2021.06.05"]
[Round "8"]
[White "Tania, Sachdev"]
[Black "Cori T., Deysi"]
[Result "0-1"]
[WhiteTitle "IM"]
[BlackTitle "WGM"]
[WhiteElo "2392"]
[BlackElo "2388"]
[WhiteFideId "5007844"]
[BlackFideId "3801934"]
[EventDate "2021.06.05"]

1. d4 Nf6 2. c4 g6 3. Nc3 Bg7 4. e4 d6 5. f3 O-O 6. Nge2 a6 7. Ng3 c5 8. d5 e6
9. a4 exd5 10. cxd5 Nbd7 11. Be2 Qc7 12. O-O Rb8 13. Be3 c4 14. Qd2 Nc5 15. Bxc4
Ncxe4 16. Ngxe4 Nxe4 17. Nxe4 Qxc4 18. Nxd6 Qh4 19. g3 Qf6 20. Nxc8 Rbxc8 21. d6
Rfd8 22. Rad1 Rd7 23. b3 h5 24. Bg5 Qf5 25. Be7 Rc2 26. Qd3 Qc5+ 27. Kh1 Be5 28.
b4 Qc6 29. Qd5 Qc3 0-1

[Event "Women's Speed Chess Q6"]
[Site "chess.com INT"]
[Date "2021.06.05"]
[Round "8"]
[White "Vine, Elzbieta"]
[Black "Zakirova, Aisha"]
[Result "0-1"]
[WhiteTitle "WFM"]
[BlackTitle "WCM"]
[WhiteElo "2138"]
[BlackElo "1585"]
[WhiteFideId "1119320"]
[BlackFideId "13719734"]
[EventDate "2021.06.05"]

1. e4 c5 2. Nc3 Nc6 3. f4 g6 4. Nf3 Bg7 5. Bc4 e6 6. O-O Nge7 7. f5 exf5 8. d3
O-O 9. Qe1 Nd4 10. Qh4 Nxf3+ 11. Rxf3 fxe4 12. Nxe4 d5 13. Nf6+ Bxf6 14. Qxf6
dxc4 15. Bh6 Qd4+ 16. Qxd4 cxd4 17. Bxf8 Kxf8 18. Raf1 Be6 19. dxc4 Bxc4 20.
R1f2 Kg7 21. b3 Bd5 22. Rf4 Nc6 23. b4 a6 24. a4 b5 25. axb5 axb5 26. h3 Bc4 27.
Rf6 Nxb4 28. Rd6 Nd5 29. Rd2 Ra1+ 30. Kh2 Ne3 31. R6xd4 Nf1+ 32. Kg1 Nxd2+ 33.
Kf2 Nb1 34. g4 Na3 35. g5 Nxc2 36. Rd2 Ra2 0-1

[Event "Women's Speed Chess Q6"]
[Site "chess.com INT"]
[Date "2021.06.05"]
[Round "8"]
[White "Petrova, Irina"]
[Black "Linares Napoles, Oleiny"]
[Result "0-1"]
[WhiteTitle "WIM"]
[BlackTitle "WGM"]
[WhiteElo "2110"]
[BlackElo "2255"]
[WhiteFideId "14124122"]
[BlackFideId "3504794"]
[EventDate "2021.06.05"]

1. e4 d6 2. d4 g6 3. Nc3 Bg7 4. Be3 a6 5. a4 b6 6. Bd3 Bb7 7. Nf3 Nd7 8. O-O
Ngf6 9. h3 O-O 10. d5 c6 11. dxc6 Bxc6 12. Nd4 Bb7 13. Qd2 Re8 14. Nb3 Rc8 15.
a5 b5 16. Bh6 Bh8 17. f3 Ne5 18. Be3 Nc4 19. Bxc4 Rxc4 20. Rfd1 Qc8 21. Rac1 b4
22. Ne2 Qc7 23. Bb6 Qb8 24. c3 bxc3 25. Rxc3 Rec8 26. Rxc4 Rxc4 27. Rc1 Qc8 28.
Rc3 Nd7 29. Bd4 Bxd4+ 30. Nexd4 Rxc3 31. bxc3 d5 32. exd5 Bxd5 33. Qf4 Bxb3 34.
Nxb3 Qxc3 35. Nd4 e5 36. Qg4 Qxd4+ 0-1